00641nam a2200205Ia 4500003000900000008004100009040001300050040001300063041000800076100001800084245005100102250002300153260002800176260000900204300001100213300001000224490002400234490000600258600017100264IT-RoPAU120407s9999 xx 000 0 und d aIT-RoPAU cIT-RoPAU aita aHeinrick Roth aAutorità o democrazia nell’educazione ?... aFrancavilla a Mare aPia Società San Paolo c1969 a103 p. c17 cm aConosci tuo figlio? v5 a"Tit. orig.: Autoritàr oder demokratisch eriehen? Trad. A. Messori. 3. ed. 1 - Fanciulli, Educazione I - Messori , Alcide 370 BNI 70-428"